[Event "CRI-ch (Women)"]
[Site "San Jose"]
[Date "2019.01.15"]
[Round "5"]
[White "Diaz Charpentier, Kristel Melissa"]
[Black "Marin Leon, Valeria"]
[Result "1/2-1/2"]
[WhiteElo "1591"]
[BlackElo "1682"]
[PlyCount "70"]
[EventDate "2019.01.10"]
[EventType "tourn"]
[EventRounds "9"]
[EventCountry "CRI"]
[SourceTitle "CBM 189 Extra"]
[Source "ChessBase"]
[SourceDate "2019.06.03"]
[SourceVersion "1"]
[SourceVersionDate "2019.06.03"]
[SourceQuality "1"]

1. e4 e5 2. Nf3 Nf6 3. Nxe5 d6 4. Nf3 Nxe4 5. Nc3 Nxc3 6. dxc3 Nc6 7. Bf4 Bg4 8. Be2 Be7 9. Qd2 Qd7 10. 0-0-0 0-0-0 11. h3 Bh5 12. Rhe1 a6 13. Kb1 h6 14. Qd5 g5 15. Bc1 Bf6 16. g4 Bg6 17. Bd3 Bxd3 18. Qxd3 Rde8 19. Be3 Kb8 20. Nd4 Nxd4 21. Bxd4 Bxd4 22. cxd4 d5 23. c3 Rxe1 24. Rxe1 Re8 25. Rxe8+ Qxe8 26. Qe3 Qxe3 27. fxe3 Kc8 28. Kc2 Kd7 29. Kd3 Kd6 30. e4 b5 31. b3 c6 32. c4 b4 33. Ke3 f6 34. Kd3 a5 35. c5+ Ke6 1/2-1/2

[Event "CRI-ch sf (Women)"]
[Site "San Jose"]
[Date "2018.11.25"]
[Round "6"]
[White "Marin Leon, Valeria"]
[Black "Morera Campos, Yanori Maria"]
[Result "1-0"]
[WhiteElo "1658"]
[BlackElo "1915"]
[PlyCount "109"]
[EventDate "2018.11.17"]
[EventType "swiss"]
[EventRounds "7"]
[EventCountry "CRI"]
[SourceTitle "CBM 187 Extra"]
[Source "ChessBase"]
[SourceDate "2018.11.04"]
[SourceVersion "1"]
[SourceVersionDate "2018.11.04"]
[SourceQuality "1"]

1. e4 c5 2. Nc3 e6 3. f4 a6 4. a4 Nc6 5. Nf3 d5 6. e5 g6 7. g3 Bg7 8. Bg2 Nge7 9. 0-0 h5 10. Nh4 b6 11. d3 Bb7 12. Rb1 Qc7 13. Bd2 Nf5 14. Ne2 Nxh4 15. gxh4 Ne7 16. Ng3 Bc6 17. c3 Qd7 18. Ra1 Nf5 19. Nxf5 gxf5 20. d4 Bf8 21. Be1 Be7 22. Bg3 Qd8 23. Qe1 Qd7 24. Qd1 Qd8 25. Qe1 a5 26. Qf2 Bb7 27. b3 Ba6 28. Rfd1 Rc8 29. Rac1 Qc7 30. Qb2 Qd8 31. Qf2 Rg8 32. Kh1 Qc7 33. Qd2 c4 34. bxc4 Bxc4 35. Qb2 b5 36. axb5 Qb6 37. Ra1 Kd7 38. Bf3 Rh8 39. Ra4 Qxb5 40. Qxb5+ Bxb5 41. Rxa5 Bc4 42. Ra7+ Rc7 43. Rda1 Rhc8 44. Bxh5 f6 45. Bf7 fxe5 46. dxe5 Bc5 47. Rxc7+ Rxc7 48. Kg2 d4 49. cxd4 Bd5+ 50. Kh3 Bxd4 51. Rd1 Bb6 52. h5 Ke7 53. Bg6 Bf3 54. Bh4+ Kf8 55. Rd8+ 1-0